Responses for Show #4120 - Friday, June 28, 2002

(Kermit the Frog: Hi-ho, Kermit the Frog here. You know, finally, after 18 seasons, Jeopardy! is letting another species do a clue? Hm! 'Bout time, don't you think? Yeah, me too.)

Contestants

[<< previous game]

Cathy Whitehead, a homemaker from Houston, Texas

Tony Burrell, an attorney from Ashburn, Virginia

Jeremy Horowitz, a lawyer from Santa Monica, California (whose 1-day cash winnings total $27,100)

[next game >>]

Jeopardy! Round responses

PRESIDENTIAL APBs
SUPREMES HITS IN OTHER WORDS
WIZARDS
TURKEY
MEAT & POTATOES
PASS THE "P"s, PLEASE
    $200 12
Ulysses Grant

Jeremy
    $200 6
"Baby Love"

Jeremy
    $200 21
Merlin (the magician)

Tony
    $200 11
tulip

Jeremy
    $200 26
(Cathy: What is sugar?)
(Tony: What is starch?)

water

TonyCathy
Triple Stumper
    $200 1
projectionist

Cathy
    $400 13
William Henry Harrison

Cathy
    $400 7
"I Hear a Symphony"

Cathy
    $400 22
Harry Potter

Jeremy
    $400 14
Islam

Tony
    $400 27
corned beef

Tony
    $400 2
Portuguese

Jeremy
    $600 15
(Rutherford B.) Hayes

Cathy
    $600 8
"You Can't Hurry Love"

Tony
    $600 23
(Alex: And that's why it lasted only one year.)
[Laughter]
(Alex: It was called The Wizard of Oz.)
...
(Alex: [Before giving the Double Jeopardy! Round categories] Let me tell you how easily forgotten my first television quiz show in the United States is. I referred to it a few moments ago as The Wizard of Oz. I had forgotten it was called [*]. Was it me or was it the show?)
[Laughter]
(Alex: It's the show.)

The Wizard of Odds

Triple Stumper
    $600 18
Istanbul

Tony
    $600 28
lamb

Tony
    $600 3
poncho

Tony
    $800 16
(Jeremy: Uh, who is, uh, Benjamin Harrison?)
(Tony: Who is McKinley?)
(Cathy: I'll try. Who is Taft?)
...
(Alex: So no harm, no foul on that one; each of you lost the same amount of money.)

Grover Cleveland

JeremyTonyCathy
Triple Stumper
    $800 9
"Where Did Our Love Go"

Cathy
    $800 24
(John) Wooden

Cathy
    $800 19
Russia

Cathy
    $800 29
potato chip

Jeremy
    $800 4
pendant

Jeremy
    $1000 17
Madison

Cathy
    $1000 10
"Someday We'll Be Together"

Cathy
    $1000 25
The Wizard of Menlo Park

Jeremy
    $1,000 20
Cyprus

Cathy
    $1000 30
(Tony: Who is Carver?)
(Cathy: Who is Russet?)

Luther Burbank

TonyCathy
Triple Stumper
    $1000 5
prayer shawl

Jeremy

Scores at the first commercial break (after clue 16):

Jeremy Tony Cathy
$2,000 $800 $2,600

Scores at the end of the Jeopardy! Round:

Jeremy Tony Cathy
$4,200 $1,400 $5,000

Double Jeopardy! Round responses

THE FRANCO-PRUSSIAN WAR
MUPPETMANIA
"J"EOGRAPHY
THE MEADIA
LITERARY FIRST LINES
(Alex: You have to name the work.)
FISHY ANAGRAMS
    $400 3
the Hall of Mirrors

Tony
    $400 18
eagle

Jeremy
    $400 13
(Cathy: What is [*], Alaska?)

Juneau

Cathy
    $400 22
Hoover Dam

Jeremy
    $400 1
Jaws

Tony
    $400 5
tuna (from aunt)

Tony
    $2,000 11
(Cathy: Who are the Hapsburgs?)

Krupps

Cathy
    $800 19
Animal

Jeremy
    $800 14
Jerusalem

Tony
    $800 25
Margaret Mead

Jeremy
    $800 2
Great Expectations

Cathy
    $800 8
smelt (from melts)

Jeremy
    $1200 12
Bismarck

Tony
    $1200 20
Miss Piggy

Cathy
    $1200 15
Jersey

Tony
    $1200 26
meadow

Triple Stumper
    $1200 4
Bridget Jones's Diary

Jeremy
    $1200 9
trout (from tutor)

Triple Stumper
    $1600 29
Louis-Napoléon

Cathy
    $1600 23
Muppet Babies

Jeremy
    $1600 16
Jakarta

Jeremy
    $1600 27
Economics

Jeremy
    $1600 6
(Tony: What is The Fountainhead?)
...
(Alex: You picked the right author. What is [*]?)

Atlas Shrugged

Tony
Triple Stumper
    $1600 10
skate (from Keats)

Cathy
    $2000 30
Garibaldi

Cathy
    $2000 24
(Cathy: What is Swan Lake?)
...
(Alex: Less than a minute to go now, Tony.)

Swine Lake

TonyCathy
    $4,000 21
Jackson Hole

Cathy
    $2000 28
Allegheny

Tony
    $2000 7
(Tony: What is Crime and Punishment?)
(Cathy: What is Dr. Jekyll and Mr. Hyde?)

The Tell-Tale Heart

TonyCathy
Triple Stumper
    $2000 17
chum (from much)

Triple Stumper

Scores at the end of the Double Jeopardy! Round:

Jeremy Tony Cathy
$13,400 $6,200 $10,600

[wagering suggestions for these scores]

Final Jeopardy! Round responses

THE OSCARS
TonyWho are Diane Ladd & Laura Dern?
$2,200
CathyWho are Goldie Hawn & Hudson?
$7,000
JeremyWho are Goldie Hawn &
$8,000
(1 of) Diane Ladd & Laura Dern, Goldie Hawn & Kate Hudson, or Judy Garland & Liza Minnelli

Final scores:

Jeremy Tony Cathy
$5,400 $8,400 $17,600
3rd place: $1,000 2nd place: $2,000 New champion: $17,600

Game dynamics:

Coryat scores:

Jeremy Tony Cathy
$13,400 $6,200 $10,600
18 R,
1 W
15 R,
5 W
17 R
(including 2 DDs),
6 W
(including 1 DD)

Combined Coryat: $30,200

[game clues] [game scores] [suggest correction]

Game tape date: 2002-02-26
The J! Archive is created by fans, for fans. Scraping, republication, monetization, and malicious use prohibited; this site may use cookies and collect identifying information. See terms. The Jeopardy! game show and all elements thereof, including but not limited to copyright and trademark thereto, are the property of Jeopardy Productions, Inc. and are protected under law. This website is not affiliated with, sponsored by, or operated by Jeopardy Productions, Inc. Join the discussion at JBoard.tv.